[Event "Vaujany op-A 7th"]
[Site "Vaujany"]
[Date "2016.07.24"]
[Round "9"]
[White "Mathieu, Olivier"]
[Black "Geher, Koppany"]
[Result "1-0"]
[WhiteElo "1969"]
[BlackElo "1931"]
[PlyCount "59"]
[EventDate "2016.07.16"]
[EventType "swiss"]
[EventRounds "9"]
[EventCountry "FRA"]
[SourceTitle "EXT 2019"]
[Source "ChessBase"]
[SourceDate "2018.10.10"]
[SourceVersion "1"]
[SourceVersionDate "2018.10.10"]
[SourceQuality "1"]

1. e4 e6 2. d4 d5 3. Nd2 Nf6 4. e5 Nfd7 5. Bd3 c5 6. c3 Nc6 7. Ne2 cxd4 8. cxd4 f6 9. exf6 Nxf6 10. 0-0 Bd6 11. Nf3 Qc7 12. Bg5 0-0 13. Bh4 Nh5 14. Qc2 h6 15. Bh7+ Kh8 16. Bg6 Rxf3 17. gxf3 Bxh2+ 18. Kg2 Nf4+ 19. Nxf4 Qxf4 20. Bg3 Bxg3 21. fxg3 Qxd4 22. Be8 Qb6 23. Rac1 Nd4 24. Qc7 Qxb2+ 25. Rf2 Qb4 26. Qd8 Qb6 27. Rc7 Bd7 28. Qxd7 Nf5 29. Bg6 Ne3+ 30. Kh3 1-0

[Event "Vaujany op-A 7th"]
[Site "Vaujany"]
[Date "2016.07.22"]
[Round "7"]
[White "Mathieu, Olivier"]
[Black "Van Foreest, Machteld"]
[Result "1-0"]
[WhiteElo "1969"]
[BlackElo "1708"]
[PlyCount "49"]
[EventDate "2016.07.16"]
[EventType "swiss"]
[EventRounds "9"]
[EventCountry "FRA"]
[SourceTitle "EXT 2019"]
[Source "ChessBase"]
[SourceDate "2018.10.10"]
[SourceVersion "1"]
[SourceVersionDate "2018.10.10"]
[SourceQuality "1"]

1. e4 c5 2. Nf3 d6 3. d4 cxd4 4. Nxd4 Nf6 5. Nc3 g6 6. Be3 Bg7 7. f3 Nc6 8. Qd2 0-0 9. 0-0-0 Bd7 10. g4 Rc8 11. h4 h5 12. Bh6 Nxd4 13. Bxg7 Nb3+ 14. cxb3 Kxg7 15. e5 Ne8 16. gxh5 Qa5 17. Kb1 Qxe5 18. hxg6 Bf5+ 19. Bd3 fxg6 20. Rhe1 Bxd3+ 21. Qxd3 Qf6 22. Nd5 Qxh4 23. Nxe7 Nf6 24. Qxg6+ Kh8 25. Rh1 1-0